[Event "USA tt"]
[Site "ICC INT"]
[Date "2012.10.31"]
[Round "9"]
[White "Battsetseg, Tsagaan"]
[Black "Smith, Shaun"]
[Result "0-1"]
[WhiteElo "2230"]
[BlackElo "1936"]
[PlyCount "108"]
[EventDate "2012.09.04"]
[EventType "team-tourn"]
[EventRounds "10"]
[EventCountry "USA"]
[SourceTitle "EXT 2013"]
[Source "ChessBase"]
[SourceDate "2012.11.22"]
[SourceVersion "1"]
[SourceVersionDate "2012.11.22"]
[SourceQuality "1"]
[WhiteTeam "Baltimore"]
[BlackTeam "Manhattan"]
[WhiteTeamCountry "USA"]
[BlackTeamCountry "USA"]

1. e4 c5 2. Nf3 d6 3. d4 cxd4 4. Nxd4 Nf6 5. Nc3 e6 6. Be3 Be7 7. f3 Nc6 8. Qd2 a6 9. 0-0-0 Qc7 10. Kb1 Bd7 11. Bd3 Rc8 12. Rhe1 0-0 13. f4 e5 14. Nf3 Qa5 15. Nd5 Qxd2 16. Bxd2 Rfe8 17. h3 Be6 18. Nb6 Rcd8 19. f5 Bc8 20. Bc4 h6 21. g4 Nd7 22. Be3 Nxb6 23. Bxb6 Rd7 24. a3 Bd8 25. Bxd8 Rexd8 26. g5 hxg5 27. Nxg5 b5 28. Ba2 Na5 29. Rg1 Nc4 30. Rd3 d5 31. Rdg3 dxe4 32. Bxc4 Rd1+ 33. Ka2 bxc4 34. Nxe4 Rxg1 35. Rxg1 Bxf5 36. Re1 Rd4 37. Nc5 Bxc2 38. Rxe5 a5 39. a4 f5 40. Ne6 Re4 41. Rxf5 Rxe6 42. Rxa5 Bb3+ 43. Ka3 Rh6 44. Ra8+ Kh7 45. a5 Rxh3 46. a6 Bd1+ 47. Kb4 Rb3+ 48. Kxc4 Rxb2 49. Kc5 Bf3 50. Rf8 Bg2 51. a7 Ra2 52. Kb6 g5 53. Rf6 g4 54. Rf4 Bf3 0-1

[Event "USA-ch (Women)"]
[Site "Saint Louis"]
[Date "2009.10.07"]
[Round "4"]
[White "Zenyuk, Iryna"]
[Black "Battsetseg, Tsagaan"]
[Result "1/2-1/2"]
[WhiteElo "2285"]
[BlackElo "2258"]
[PlyCount "91"]
[EventDate "2009.10.04"]
[EventType "tourn"]
[EventRounds "9"]
[EventCountry "USA"]
[EventCategory "2"]
[SourceTitle "CBM 132 Extra"]
[Source "ChessBase"]
[SourceDate "2009.11.03"]
[SourceVersion "1"]
[SourceVersionDate "2009.11.03"]
[SourceQuality "1"]

1. d4 Nf6 2. c4 g6 3. Nc3 Bg7 4. e4 d6 5. Nge2 0-0 6. Ng3 c5 7. d5 e6 8. Be2 a6 9. 0-0 exd5 10. exd5 Ne8 11. Bf4 f5 12. Qd2 Nd7 13. Bg5 Bf6 14. Bxf6 Qxf6 15. f4 Nc7 16. Kh1 Rb8 17. a4 Re8 18. Rfe1 Qd4 19. Bd3 Nf8 20. Rxe8 Nxe8 21. Nge2 Qf2 22. Nd1 Qh4 23. Ng1 Bd7 24. Nf3 Qf6 25. Nc3 Nc7 26. h3 h6 27. Bf1 Re8 28. Rb1 a5 29. Bd3 Na6 30. Rg1 Nb4 31. Bb1 Qe7 32. Re1 Qf6 33. Rg1 Qe7 34. Qf2 Qf6 35. Nb5 Re7 36. Qd2 Rf7 37. Qc3 Nh7 38. Re1 Bxb5 39. axb5 Re7 40. Rf1 b6 41. Qd2 Qf7 42. g4 fxg4 43. hxg4 Nf6 44. Nh4 Ne4 45. Qh2 Qf6 46. Nf3 1/2-1/2

[Event "USA-ch (Women)"]
[Site "Saint Louis"]
[Date "2009.10.06"]
[Round "3"]
[White "Battsetseg, Tsagaan"]
[Black "Fan, Yun"]
[Result "1-0"]
[WhiteElo "2258"]
[BlackElo "1935"]
[PlyCount "201"]
[EventDate "2009.10.04"]
[EventType "tourn"]
[EventRounds "9"]
[EventCountry "USA"]
[EventCategory "2"]
[SourceTitle "CBM 132 Extra"]
[Source "ChessBase"]
[SourceDate "2009.11.03"]
[SourceVersion "1"]
[SourceVersionDate "2009.11.03"]
[SourceQuality "1"]

1. e4 c5 2. Nf3 d6 3. d4 cxd4 4. Nxd4 Nf6 5. Nc3 Nc6 6. Bg5 e6 7. f3 Qb6 8. Nb3 a6 9. Qd2 Nd7 10. 0-0-0 Qc7 11. f4 b5 12. f5 Nde5 13. fxe6 Bxe6 14. Nd5 Bxd5 15. exd5 Ne7 16. Nd4 Rc8 17. Kb1 h6 18. Bf4 N7g6 19. g3 Be7 20. Bh3 Ra8 21. Nc6 Nc4 22. Qe2 0-0 23. Rde1 Bf6 24. Bc1 Nge5 25. Rhf1 Nxc6 26. Rxf6 Rfe8 27. Qxe8+ Rxe8 28. Rxe8+ Kh7 29. Rf1 Nd4 30. Rc8 Qe7 31. b3 Nb6 32. Rc3 b4 33. Re3 Qc7 34. Bf5+ g6 35. Bb2 Nxd5 36. Bxd4 Nxe3 37. Bxe3 gxf5 38. Rxf5 Kg6 39. Rf4 f5 40. Bd2 a5 41. g4 fxg4 42. Rxg4+ Kf5 43. Rh4 d5 44. Rxh6 Qd8 45. Rh3 d4 46. Rd3 Qd5 47. h3 Qg2 48. Kb2 Ke4 49. Be1 Qg7 50. Bf2 Qf6 51. Bxd4 Qh4 52. a3 Qh6 53. axb4 axb4 54. Kb1 Qh5 55. Bb2 Qc5 56. Rd4+ Kf5 57. h4 Qb5 58. Bc1 Qb6 59. Rc4 Kg6 60. Bd2 Kh5 61. Bxb4 Qg1+ 62. Kb2 Qg7+ 63. Bc3 Qe7 64. b4 Qe6 65. Rd4 Qc6 66. Rf4 Qd6 67. Re4 Qc6 68. Re5+ Kxh4 69. b5 Qb6 70. Kb3 Kg4 71. Bb2 Qd6 72. Kc4 Qd1 73. Kb3 Qd6 74. Re4+ Kf3 75. Rd4 Qe6+ 76. c4 Qe3+ 77. Kb4 Qe1+ 78. Bc3 Qb1+ 79. Ka5 Qc2 80. Bb4 Qb2 81. Bc5 Qa2+ 82. Kb6 Qa8 83. Bd6 Qd8+ 84. Kc6 Qc8+ 85. Kb6 Qd8+ 86. Kc5 Qg5+ 87. Rd5 Qe3+ 88. Kc6 Qe8+ 89. Kb7 Qd7+ 90. Bc7 Qe8 91. Rf5+ Kg4 92. Re5 Qd7 93. b6 Qd3 94. c5 Qf3+ 95. c6 Qf8 96. Rd5 Qf3 97. Rd8 Kh5 98. Bd6 Qf7+ 99. c7 Qd5+ 100. Kb8 Qc6 101. b7 1-0

[Event "USA-ch (Women)"]
[Site "Tulsa"]
[Date "2008.05.13"]
[Round "9"]
[White "Battsetseg, Tsagaan"]
[Black "Zatonskih, Anna"]
[Result "0-1"]
[WhiteElo "2254"]
[BlackElo "2458"]
[PlyCount "72"]
[EventDate "2008.05.13"]
[EventType "tourn"]
[EventRounds "9"]
[EventCountry "USA"]
[SourceTitle "CBM 124 Extra"]
[Source "ChessBase"]
[SourceDate "2008.07.03"]
[SourceVersion "1"]
[SourceVersionDate "2008.07.03"]
[SourceQuality "1"]

1. e4 e6 2. d4 d5 3. Nd2 Nf6 4. e5 Nfd7 5. Bd3 c5 6. c3 b6 7. Ndf3 Ba6 8. Ne2 Bxd3 9. Qxd3 Nc6 10. 0-0 Be7 11. Bf4 c4 12. Qd2 h6 13. Ng3 Qc7 14. Rfb1 Na5 15. Nh5 Rg8 16. Qc1 0-0-0 17. b3 Kb7 18. Nd2 Rc8 19. a4 Ka8 20. Qf1 Nb8 21. b4 Nac6 22. Nxc4 dxc4 23. Qxc4 Bg5 24. a5 bxa5 25. b5 Ne7 26. Qxc7 Rxc7 27. Rxa5 Rxc3 28. Rba1 a6 29. bxa6 Rgc8 30. h4 Bxf4 31. Nxf4 Rc1+ 32. Kh2 Rxa1 33. Rxa1 Rd8 34. Ne2 Nf5 35. g3 Nxd4 36. Nc3 Ka7 0-1

[Event "USA-ch (Women)"]
[Site "Tulsa"]
[Date "2008.05.13"]
[Round "6"]
[White "Jamison, Courtney"]
[Black "Battsetseg, Tsagaan"]
[Result "0-1"]
[WhiteElo "1979"]
[BlackElo "2254"]
[PlyCount "120"]
[EventDate "2008.05.13"]
[EventType "tourn"]
[EventRounds "9"]
[EventCountry "USA"]
[SourceTitle "CBM 124 Extra"]
[Source "ChessBase"]
[SourceDate "2008.07.03"]
[SourceVersion "1"]
[SourceVersionDate "2008.07.03"]
[SourceQuality "1"]

1. d4 Nf6 2. c4 g6 3. Nc3 Bg7 4. e4 d6 5. Nf3 0-0 6. Be2 e5 7. Be3 Ng4 8. Bg5 f6 9. Bh4 Qe8 10. d5 a5 11. Nd2 Nh6 12. f3 Kh8 13. Bf2 b6 14. a3 f5 15. b4 Nd7 16. h3 Nf7 17. Nb3 Nf6 18. c5 a4 19. Nd2 bxc5 20. bxc5 dxc5 21. Bxc5 Nd6 22. Rb1 Nh5 23. 0-0 Bh6 24. Nb5 Qd8 25. Nc4 Bf4 26. Nbxd6 cxd6 27. Bf2 Ng3 28. Bxg3 Bxg3 29. Nb6 Ra7 30. Nxc8 Qxc8 31. Rb4 Bf4 32. Kh1 Qd8 33. Rxa4 Raf7 34. Qe1 Qg5 35. Rc4 Rb7 36. Bd3 Rb2 37. Rc2 Rb3 38. Bc4 Rxa3 39. Qf2 Rb8 40. Be2 Be3 41. Qe1 Bf4 42. Qf2 Bg3 43. Qg1 Qd8 44. Ra1 Bf2 45. Qf1 Rxa1 46. Qxa1 Bd4 47. Qc1 Ra8 48. Kh2 f4 49. Qe1 Qg5 50. Kh1 h5 51. Rc1 Qg3 52. Qxg3 fxg3 53. Bb5 Kg7 54. Bd7 Kf6 55. Rf1 Kg5 56. Rb1 Kf4 57. Rd1 Ra7 58. Bc6 g5 59. Be8 g4 60. Bxh5 gxh3 0-1

[Event "USA tt"]
[Site "ICC INT"]
[Date "2007.10.31"]
[Round "10"]
[White "Battsetseg, Tsagaan"]
[Black "Bierkens, Pieter"]
[Result "0-1"]
[WhiteElo "2241"]
[BlackElo "2175"]
[PlyCount "122"]
[EventDate "2007.08.29"]
[EventType "team"]
[EventRounds "10"]
[EventCountry "USA"]
[SourceTitle "EXT 2008"]
[Source "ChessBase"]
[SourceDate "2007.11.25"]
[SourceVersion "1"]
[SourceVersionDate "2007.11.25"]
[SourceQuality "1"]

1. e4 c5 2. Nf3 Nc6 3. d4 cxd4 4. Nxd4 e5 5. Nb5 d6 6. N1c3 a6 7. Na3 Be7 8. Nc4 b5 9. Ne3 Nf6 10. Bd3 0-0 11. 0-0 Be6 12. a4 b4 13. Ncd5 a5 14. c3 bxc3 15. bxc3 Nd7 16. Ba3 Nc5 17. Bc2 Bg5 18. Re1 Rc8 19. Rb1 Bxe3 20. Rxe3 Ne7 21. Nxe7+ Qxe7 22. Re2 Bg4 23. f3 Be6 24. Rd2 Rfd8 25. Kh1 Qc7 26. Bd3 Nxd3 27. Rxd3 d5 28. h3 dxe4 29. fxe4 h6 30. Bd6 Qc4 31. Qf3 f6 32. Rb7 Qc6 33. Re7 Rxd6 34. Qh5 Rc7 35. Rxd6 Qxd6 36. Qe8+ Kh7 37. Rxc7 Qxc7 38. Qxe6 Qxc3 39. Kh2 h5 40. Qf5+ Kh6 41. g4 Qd2+ 42. Kg3 h4+ 43. Kf3 Qg5 44. Qc8 Qf4+ 45. Ke2 Qxe4+ 46. Kd2 Kg5 47. Qc7 Qb4+ 48. Ke2 Qb2+ 49. Kf3 Qb3+ 50. Ke2 Qa2+ 51. Ke1 Qa1+ 52. Ke2 Qb2+ 53. Kf3 Qa3+ 54. Ke2 g6 55. Qxa5 Qxh3 56. Qd2+ Kxg4 57. Qb4+ Kf5 58. a5 Qg2+ 59. Ke3 Qg1+ 60. Ke2 Qg2+ 61. Ke3 h3 0-1

[Event "USA tt"]
[Site "ICC INT"]
[Date "2007.10.08"]
[Round "7"]
[White "Thaler, Michael"]
[Black "Battsetseg, Tsagaan"]
[Result "1-0"]
[WhiteElo "2098"]
[BlackElo "2241"]
[PlyCount "61"]
[EventDate "2007.08.29"]
[EventType "team"]
[EventRounds "10"]
[EventCountry "USA"]
[SourceTitle "CBM 120 Extra"]
[Source "ChessBase"]
[SourceDate "2007.11.01"]
[SourceVersion "1"]
[SourceVersionDate "2007.11.01"]
[SourceQuality "1"]

1. e4 c5 2. Nf3 Nc6 3. d4 cxd4 4. Nxd4 g6 5. c4 Nf6 6. Nc3 d6 7. Be2 Nxd4 8. Qxd4 Bg7 9. Be3 0-0 10. Qd2 Be6 11. Rc1 Qa5 12. f3 Rfc8 13. b3 Nd7 14. Nb5 Qxd2+ 15. Kxd2 a5 16. a4 Nc5 17. Rb1 f5 18. Bd3 Bd7 19. Bc2 fxe4 20. Bxc5 Rxc5 21. Bxe4 Bc6 22. Rhe1 d5 23. Nc7 dxe4 24. Nxa8 b5 25. Nb6 b4 26. fxe4 e6 27. Rbd1 Bc3+ 28. Kd3 Be8 29. Rf1 Be5 30. Ke3 Bc7 31. Nd7 1-0

[Event "USA-ch (Women)"]
[Site "Stillwater"]
[Date "2007.07.18"]
[Round "5"]
[White "Krush, Irina"]
[Black "Battsetseg, Tsagaan"]
[Result "1-0"]
[WhiteElo "2470"]
[BlackElo "2241"]
[PlyCount "63"]
[EventDate "2007.07.16"]
[EventType "tourn"]
[EventRounds "9"]
[EventCountry "USA"]
[SourceTitle "CBM 119 Extra"]
[Source "ChessBase"]
[SourceDate "2007.09.04"]
[SourceVersion "1"]
[SourceVersionDate "2007.09.04"]
[SourceQuality "1"]

1. d4 Nf6 2. c4 g6 3. Nc3 Bg7 4. e4 d6 5. Be2 0-0 6. Bg5 c5 7. d5 b5 8. cxb5 a6 9. a4 Qa5 10. Bd2 axb5 11. Bxb5 Ba6 12. Nge2 Nbd7 13. 0-0 Ne5 14. Qc2 Nc4 15. Bxc4 Bxc4 16. Nb5 Bb3 17. Qxb3 Qxd2 18. Nec3 Ng4 19. h3 Ne5 20. Rfd1 Qf4 21. Qc2 f5 22. Nc7 fxe4 23. Ne6 Qh4 24. Nxf8 Rxf8 25. Nxe4 Rf4 26. Re1 Nf3+ 27. gxf3 Qxh3 28. Re3 Bd4 29. Raa3 Rh4 30. Ng3 Qh2+ 31. Kf1 Rh3 32. Qe4 1-0

[Event "USA-ch (Women)"]
[Site "Stillwater"]
[Date "2007.07.17"]
[Round "4"]
[White "Battsetseg, Tsagaan"]
[Black "Airapetian, Chouchanik"]
[Result "1-0"]
[WhiteElo "2241"]
[BlackElo "2162"]
[PlyCount "79"]
[EventDate "2007.07.16"]
[EventType "tourn"]
[EventRounds "9"]
[EventCountry "USA"]
[SourceTitle "CBM 119 Extra"]
[Source "ChessBase"]
[SourceDate "2007.09.04"]
[SourceVersion "1"]
[SourceVersionDate "2007.09.04"]
[SourceQuality "1"]

1. e4 e5 2. Nf3 Nc6 3. Bc4 Bc5 4. c3 Nf6 5. d3 a6 6. h3 d6 7. Bb3 h6 8. Nbd2 0-0 9. Nf1 Nh5 10. g4 Nf4 11. Bxf4 exf4 12. g5 hxg5 13. Rg1 g4 14. hxg4 Qe7 15. g5 g6 16. N1h2 Kg7 17. Qd2 Ne5 18. 0-0-0 f5 19. gxf6+ Rxf6 20. d4 Nxf3 21. Nxf3 Bb6 22. Bc2 Qf7 23. Kb1 Be6 24. d5 Bd7 25. e5 dxe5 26. Nxe5 Qe7 27. Nxg6 Qd6 28. Rde1 Re8 29. Ne5+ Kf8 30. Nc4 Rxe1+ 31. Rxe1 Qc5 32. Nxb6 Qxb6 33. Qe2 Qd6 34. Qe4 Rf5 35. Qd4 Rh5 36. c4 b5 37. c5 Qxd5 38. Qf6+ Qf7 39. Qd8+ Kg7 40. Rg1+ 1-0

[Event "USA-ch (Women)"]
[Site "Stillwater"]
[Date "2007.07.17"]
[Round "3"]
[White "Battsetseg, Tsagaan"]
[Black "Melekhina, Alisa"]
[Result "1-0"]
[WhiteElo "2241"]
[BlackElo "2099"]
[PlyCount "143"]
[EventDate "2007.07.16"]
[EventType "tourn"]
[EventRounds "9"]
[EventCountry "USA"]
[SourceTitle "CBM 119 Extra"]
[Source "ChessBase"]
[SourceDate "2007.09.04"]
[SourceVersion "1"]
[SourceVersionDate "2007.09.04"]
[SourceQuality "1"]

1. e4 e5 2. Nf3 Nc6 3. Bc4 Nf6 4. d3 Bc5 5. c3 a6 6. 0-0 Ba7 7. Bb3 0-0 8. Bg5 h6 9. Bh4 d6 10. Nbd2 Be6 11. Bc2 Bg4 12. h3 Be6 13. Re1 Ne7 14. Bxf6 gxf6 15. Nh4 Kh7 16. d4 Rg8 17. Qf3 Ng6 18. Nxg6 Rxg6 19. Nf1 Qd7 20. Kh2 Rag8 21. Ng3 Qd8 22. Rad1 Rg5 23. Rg1 Kh8 24. Nh5 R8g6 25. g4 c6 26. Qe3 Rg8 27. Kh1 d5 28. f3 Qe7 29. Qd3 R5g6 30. Rge1 exd4 31. exd5 cxd5 32. cxd4 Bb8 33. Qd2 Qd6 34. Bxg6 Rxg6 35. Re2 f5 36. Rg1 fxg4 37. fxg4 Qd8 38. Nf4 Rf6 39. Nxe6 fxe6 40. Rf2 Rg6 41. Rgf1 Bd6 42. Qd3 Qh4 43. Rg2 Rg7 44. Kg1 Kg8 45. Qe3 Rg6 46. Qf3 Rg7 47. a3 Qg5 48. Re2 h5 49. Rg2 h4 50. Rc2 Qg6 51. Rc8+ Kh7 52. Qf6 Bg3 53. Qxg6+ Kxg6 54. Rcf8 Rc7 55. R8f6+ Kg7 56. Rxe6 Rc2 57. Re7+ Kg6 58. Rxb7 Bh2+ 59. Kh1 Bg3 60. Rf5 Rc1+ 61. Kg2 Rc2+ 62. Kf1 Rc1+ 63. Ke2 Rh1 64. Rxd5 Rh2+ 65. Kd1 Rxh3 66. Rb6+ Kf7 67. Rd7+ Kf8 68. Rxa6 Rh1+ 69. Kc2 Rh2+ 70. Kb1 Rh1+ 71. Ka2 Ke8 72. Rh7 1-0

[Event "World op 34th"]
[Site "Philadelphia"]
[Date "2006.07.04"]
[Round "9"]
[White "Battsetseg, Tsagaan"]
[Black "Weatherly, Daryll A"]
[Result "1-0"]
[WhiteElo "2254"]
[BlackElo "2088"]
[PlyCount "79"]
[EventDate "2006.06.28"]
[EventType "swiss"]
[EventRounds "9"]
[EventCountry "USA"]
[SourceTitle "CBM 112 Extra"]
[Source "ChessBase"]
[SourceDate "2006.07.14"]
[SourceVersion "1"]
[SourceVersionDate "2006.07.14"]
[SourceQuality "1"]

1. e4 e5 2. Nf3 Nf6 3. Nxe5 d6 4. Nf3 Nxe4 5. d4 d5 6. Bd3 Be7 7. 0-0 Bg4 8. Re1 Nc6 9. c3 f5 10. Nbd2 0-0 11. Qb3 Kh8 12. Qxb7 Rf6 13. Qb3 Rg6 14. Bf1 Bd6 15. g3 Nxd2 16. Nxd2 Ne7 17. c4 f4 18. c5 fxg3 19. hxg3 Bf4 20. Nf3 Bxc1 21. Raxc1 Nc6 22. Ne5 Nxe5 23. Rxe5 Qf6 24. Qe3 Rf8 25. Bg2 c6 26. b4 h5 27. b5 h4 28. bxc6 hxg3 29. fxg3 Qxc6 30. Rf1 Rd8 31. Rf4 Kg8 32. Qd3 Bc8 33. Rxd5 Rxd5 34. Bxd5+ Qxd5 35. Qxg6 Bd7 36. Qc2 Qg5 37. Qb3+ Kh7 38. Kf2 Bc6 39. Qf7 Bd5 40. Qf5+ 1-0

[Event "USA tt"]
[Site "ICC INT"]
[Date "2005.10.12"]
[Round "7"]
[White "Baczynskyj, Boris"]
[Black "Battsetseg, Tsagaan"]
[Result "1/2-1/2"]
[WhiteElo "2234"]
[BlackElo "2254"]
[PlyCount "155"]
[EventDate "2005.10.05"]
[EventType "team"]
[EventRounds "10"]
[EventCountry "USA"]
[SourceTitle "CBM 108 Extra"]
[Source "ChessBase"]
[SourceDate "2005.11.04"]
[SourceVersion "1"]
[SourceVersionDate "2005.11.04"]
[SourceQuality "1"]

1. e4 c6 2. d4 d6 3. f4 g6 4. Nf3 Bg7 5. h3 Nd7 6. Nc3 Ngf6 7. g4 0-0 8. Be3 b5 9. g5 Nh5 10. Bd3 e5 11. dxe5 dxe5 12. f5 Re8 13. Nh4 Bf8 14. Qf3 Bc5 15. Ne2 Bxe3 16. Qxe3 Qa5+ 17. c3 Qb6 18. Qf3 Nc5 19. Bc2 a5 20. b4 axb4 21. cxb4 Ne6 22. fxe6 Bxe6 23. Nf5 Ra7 24. Nh6+ Kg7 25. Bb3 Bxb3 26. Qxb3 Nf4 27. Nxf4 Qd4 28. Nh5+ Kf8 29. Ke2 Qxe4+ 30. Kf2 gxh5 31. Qf3 Qxb4 32. Rhf1 Qd2+ 33. Qe2 Qxg5 34. Qe3 Qxe3+ 35. Kxe3 Re6 36. Nf5 Ra3+ 37. Ke4 Ra4+ 38. Kf3 Ra3+ 39. Kg2 e4 40. Rf2 Rg6+ 41. Kh2 e3 42. Rd1 Ke8 43. Re2 Rf6 44. Nxe3 Re6 45. Rde1 Kd7 46. Nf5 c5 47. Rd1+ Kc7 48. Rc2 Kb6 49. Rd5 b4 50. Nd6 Rc3 51. Nc4+ Kb5 52. Rxc3 bxc3 53. Na3+ Kb4 54. Nc2+ Kc4 55. Rg5 Re2+ 56. Rg2 Rd2 57. Kg3 Kd3 58. Ne1+ Ke4 59. a4 h4+ 60. Kh2 Rb2 61. a5 Rb8 62. a6 Rb6 63. Ra2 Rb2+ 64. Rxb2 cxb2 65. a7 b1Q 66. a8Q+ Kd4 67. Qd8+ Kc3 68. Qf6+ Kd2 69. Qf2+ Kd1 70. Qxc5 Qb8+ 71. Kh1 Kxe1 72. Qe3+ Kd1 73. Qd4+ Kc2 74. Qf2+ Kd3 75. Qxf7 Qb1+ 76. Kg2 Qc2+ 77. Qf2 Qxf2+ 78. Kxf2 1/2-1/2

[Event "USA tt"]
[Site "ICC INT"]
[Date "2005.08.31"]
[Round "1"]
[White "Battsetseg, Tsagaan"]
[Black "Moskow, Eric"]
[Result "1-0"]
[WhiteElo "2273"]
[BlackElo "2229"]
[PlyCount "93"]
[EventDate "2005.10.05"]
[EventType "team"]
[EventRounds "10"]
[EventCountry "USA"]
[SourceTitle "CBM 108 Extra"]
[Source "ChessBase"]
[SourceDate "2005.11.04"]
[SourceVersion "1"]
[SourceVersionDate "2005.11.04"]
[SourceQuality "1"]

1. e4 c5 2. Nf3 d6 3. d4 cxd4 4. Nxd4 Nf6 5. Nc3 g6 6. Be3 Bg7 7. f3 Nc6 8. Qd2 0-0 9. 0-0-0 d5 10. exd5 Nxd5 11. Nxc6 bxc6 12. Bd4 e5 13. Bc5 Re8 14. Ne4 Qc7 15. h4 f5 16. Nd6 Rd8 17. Nxc8 Raxc8 18. h5 Rb8 19. Bc4 e4 20. Bd4 exf3 21. hxg6 hxg6 22. gxf3 Bxd4 23. Qxd4 Qg7 24. Bb3 Qxd4 25. Rxd4 Kg7 26. Rhd1 Rh8 27. Bxd5 cxd5 28. Rxd5 Rh2 29. Rd7+ Kh6 30. Rxa7 Rc8 31. c3 Rb8 32. b3 Rf2 33. c4 Re8 34. f4 Rxf4 35. Kb2 Rf2+ 36. Ka3 Ree2 37. Kb4 Rxa2 38. Rxa2 Rxa2 39. c5 Rc2 40. Rd4 g5 41. Rc4 Re2 42. c6 g4 43. c7 Re8 44. c8Q Rxc8 45. Rxc8 Kg5 46. Kc3 Kf4 47. b4 1-0

[Event "USA-ch"]
[Site "San Diego"]
[Date "2004.11.24"]
[Round "1"]
[White "Fishbein, Alexander"]
[Black "Battsetseg, Tsagaan"]
[Result "1-0"]
[WhiteElo "2505"]
[BlackElo "2243"]
[PlyCount "63"]
[EventDate "2004.11.24"]
[EventType "swiss"]
[EventRounds "9"]
[EventCountry "USA"]
[SourceTitle "CBM 105"]
[Source "ChessBase"]
[SourceDate "2005.04.11"]
[SourceVersion "1"]
[SourceVersionDate "2005.04.11"]
[SourceQuality "1"]

1. Nf3 g6 2. c4 Bg7 3. Nc3 c5 4. g3 Nc6 5. Bg2 d6 6. a3 h5 7. h3 Nd4 8. d3 Nh6 9. e4 a6 10. Bg5 f6 11. Be3 Nxf3+ 12. Bxf3 e5 13. b4 b6 14. Rb1 Nf7 15. h4 Be6 16. 0-0 g5 17. hxg5 fxg5 18. Bxh5 Ra7 19. bxc5 dxc5 20. Nd5 Bxd5 21. cxd5 Kf8 22. Kg2 Nd6 23. Qf3+ Kg8 24. Bg4 Bf6 25. Be6+ Kg7 26. Rh1 Rxh1 27. Rxh1 Qe8 28. Qg4 Qg6 29. Rh5 Nf7 30. Bf5 Nh6 31. Bxg6 Nxg4 32. Rh7+ 1-0

[Event "USA-ch (Women)"]
[Site "New York"]
[Date "2004.06.22"]
[Round "5"]
[White "Battsetseg, Tsagaan"]
[Black "Abrahamyan, Tatev"]
[Result "1-0"]
[WhiteElo "2246"]
[BlackElo "2236"]
[PlyCount "49"]
[EventDate "2004.06.17"]
[EventType "tourn"]
[EventRounds "7"]
[EventCountry "USA"]
[SourceTitle "CBM 100 Extra"]
[Source "ChessBase"]
[SourceDate "2004.07.06"]
[SourceVersion "2"]
[SourceVersionDate "2004.07.06"]
[SourceQuality "1"]

1. e4 c5 2. Nc3 d6 3. Nf3 Nf6 4. d4 cxd4 5. Nxd4 a6 6. Bg5 e6 7. f3 Nbd7 8. Qd2 h6 9. Be3 b5 10. 0-0-0 Bb7 11. Bd3 Rc8 12. Rhe1 Be7 13. Kb1 Ne5 14. a3 Nc4 15. Bxc4 Rxc4 16. Nb3 Qc7 17. Ne2 0-0 18. Bd4 e5 19. Bc3 d5 20. Ba5 Qb8 21. exd5 Bxd5 22. Nec1 b4 23. a4 Be6 24. Qe2 Bf5 25. Qxc4 1-0

[Event "USA-ch"]
[Site "Seattle"]
[Date "2003.01.18"]
[Round "9"]
[White "Kaufman, Larry C"]
[Black "Battsetseg, Tsagaan"]
[Result "1-0"]
[WhiteElo "2415"]
[BlackElo "2229"]
[PlyCount "81"]
[EventDate "2003.01.09"]
[EventType "swiss"]
[EventRounds "9"]
[EventCountry "USA"]
[SourceTitle "CBM 093"]
[Source "ChessBase"]
[SourceDate "2003.04.01"]
[SourceVersion "1"]
[SourceVersionDate "2003.04.01"]
[SourceQuality "1"]

1. d4 Nf6 2. c4 c5 3. d5 b5 4. Nf3 g6 5. cxb5 Bg7 6. Nc3 a6 7. e4 0-0 8. a4 e6 9. e5 Ng4 10. Bf4 d6 11. exd6 Re8 12. Be2 axb5 13. Bxb5 Nd7 14. 0-0 e5 15. Bg5 f6 16. Bh4 g5 17. Bg3 f5 18. h3 Nh6 19. h4 Bf6 20. hxg5 Bxg5 21. Bxd7 Bxd7 22. Nxe5 f4 23. Nxd7 fxg3 24. Qh5 gxf2+ 25. Rxf2 Be3 26. Qxe8+ Qxe8 27. Nf6+ Kg7 28. Nxe8+ Rxe8 29. Re1 Bxf2+ 30. Kxf2 Rd8 31. Re7+ Kf8 32. Ne4 Nf7 33. Re6 c4 34. Ke3 Rb8 35. d7 Rb3+ 36. Kd4 Rxb2 37. Re8+ Kg7 38. Re7 Rb8 39. Nd6 c3 40. Rxf7+ Kg6 41. Kxc3 1-0

[Event "USA-ch"]
[Site "Seattle"]
[Date "2003.01.16"]
[Round "7"]
[White "Perelshteyn, Eugene"]
[Black "Battsetseg, Tsagaan"]
[Result "1/2-1/2"]
[WhiteElo "2442"]
[BlackElo "2229"]
[PlyCount "92"]
[EventDate "2003.01.09"]
[EventType "swiss"]
[EventRounds "9"]
[EventCountry "USA"]
[SourceTitle "CBM 093"]
[Source "ChessBase"]
[SourceDate "2003.04.01"]
[SourceVersion "1"]
[SourceVersionDate "2003.04.01"]
[SourceQuality "1"]

1. e4 c5 2. Nc3 g6 3. f4 Bg7 4. Nf3 Nc6 5. Bb5 Nd4 6. 0-0 e6 7. d3 Ne7 8. Nxd4 cxd4 9. Ne2 0-0 10. Ba4 d5 11. e5 f6 12. exf6 Bxf6 13. Bb3 Bd7 14. Bd2 Kh8 15. Ng3 a5 16. a3 Qc7 17. Rc1 Rfc8 18. Qg4 Qb6 19. a4 Rf8 20. Qe2 Rf7 21. Kh1 Raf8 22. Qe1 Nc6 23. Rf3 Bg7 24. Qe2 Qd8 25. Rcf1 Bc8 26. h3 Ne7 27. Kh2 Qc7 28. Qf2 h5 29. Kg1 e5 30. Qe1 b6 31. fxe5 Rxf3 32. Rxf3 Rxf3 33. gxf3 Bxe5 34. Bg5 Ng8 35. Kg2 Bf6 36. Bxf6+ Nxf6 37. Qd2 Kh7 38. Qg5 Qf7 39. Ne4 Nxe4 40. dxe4 Qd7 41. exd5 Qxh3+ 42. Kf2 Qh2+ 43. Ke1 Qh1+ 44. Kf2 Qh2+ 45. Ke1 Qh1+ 46. Kf2 Qh2+ 1/2-1/2

[Event "USA-ch"]
[Site "Seattle"]
[Date "2002.01.12"]
[Round "8"]
[White "Battsetseg, Tsagaan"]
[Black "Epstein, Esther"]
[Result "1-0"]
[WhiteElo "2261"]
[BlackElo "2194"]
[PlyCount "101"]
[EventDate "2002.01.05"]
[EventType "swiss"]
[EventRounds "9"]
[EventCountry "USA"]
[SourceTitle "CBM 087"]
[Source "ChessBase"]
[SourceDate "2002.03.21"]
[SourceVersion "1"]
[SourceVersionDate "2002.03.21"]
[SourceQuality "1"]

1. e4 c5 2. Nf3 Nc6 3. d4 cxd4 4. Nxd4 e6 5. Nc3 a6 6. Be3 Nf6 7. Bd3 d5 8. exd5 exd5 9. h3 Bb4 10. 0-0 0-0 11. Re1 Re8 12. a3 Bd6 13. Nxc6 bxc6 14. Bg5 Rxe1+ 15. Qxe1 h6 16. Bh4 Be6 17. Ne2 c5 18. c3 a5 19. b3 Rb8 20. Bc2 g5 21. Bg3 Nh5 22. Bxd6 Qxd6 23. Qd2 Nf4 24. Nxf4 Qxf4 25. Qd3 Qf6 26. Re1 Qg7 27. Re3 d4 28. cxd4 cxd4 29. Rg3 Rc8 30. Qe4 Rd8 31. b4 axb4 32. axb4 Rb8 33. h4 g4 34. Bb3 h5 35. Bxe6 fxe6 36. Qxe6+ Qf7 37. Qd6 Re8 38. Qxd4 Re1+ 39. Kh2 Re2 40. Qd8+ Kg7 41. Qd4+ Qf6 42. Qxf6+ Kxf6 43. Rb3 Rxf2 44. b5 Ke5 45. b6 Rf8 46. b7 Rb8 47. Kg3 Ke4 48. Rb5 Ke3 49. Rb4 Ke2 50. Rb5 Kd2 51. Kf4 1-0

[Event "USA-ch"]
[Site "Seattle"]
[Date "2002.01.08"]
[Round "4"]
[White "Hoekstra, Matthew"]
[Black "Battsetseg, Tsagaan"]
[Result "1-0"]
[WhiteElo "2211"]
[BlackElo "2261"]
[PlyCount "69"]
[EventDate "2002.01.05"]
[EventType "swiss"]
[EventRounds "9"]
[EventCountry "USA"]
[SourceTitle "CBM 087"]
[Source "ChessBase"]
[SourceDate "2002.03.21"]
[SourceVersion "1"]
[SourceVersionDate "2002.03.21"]
[SourceQuality "1"]

1. e4 c5 2. Nf3 Nc6 3. Bb5 g6 4. 0-0 Bg7 5. c3 Nf6 6. Re1 0-0 7. d4 d5 8. e5 Ne4 9. Bxc6 bxc6 10. Nbd2 cxd4 11. cxd4 c5 12. dxc5 Nxc5 13. Nb3 Nxb3 14. Qxb3 e6 15. Bg5 f6 16. exf6 Bxf6 17. Bxf6 Qxf6 18. Re5 a5 19. Rae1 a4 20. Qb6 Ra6 21. Qc5 Bd7 22. Qc7 Qd8 23. Qc2 Rb6 24. Nd4 Qf6 25. f3 Rfb8 26. b3 axb3 27. axb3 Qh4 28. Qd2 Ra8 29. g3 Qf6 30. Qe3 Ra2 31. f4 Kf7 32. Nf3 Rc6 33. Nd4 Rca6 34. Qc3 Qd8 35. Kh1 1-0